000
00289nam a2200133Ia 4500
008
090124s9999 xx 000 0 und d
082
_b
200733
245
_a
BARA PANI
250
_a
0
260
_b
MAJUMDAR LILA
_c
1972
630
_a
BARA PANI
730
_a
BARA PANI
942
_c
BOOK
999
_c
182301
_d
182301